| 000 | 00481nam a2200157Ia 4500 | ||
|---|---|---|---|
| 999 |
_c6794 _d6794 |
||
| 003 | OSt | ||
| 005 | 20200125130249.0 | ||
| 008 | 190216s9999||||xx |||||||||||||| ||und|| | ||
| 040 | _coclc | ||
| 082 |
_a658.4012 _bKRI/S |
||
| 100 |
_aKrishnan, A P _91475 |
||
| 245 | 0 |
_aStrategic Management / _cA P Krishnan ; K K Asokan |
|
| 260 |
_bCalicut University Central Co-Operative, _aMadapally: _c2005. |
||
| 300 | _a255p | ||
| 942 |
_cBK _2ddc _h658.4012 _iKRI/S _k658.4012 |
||